| 000 | 00944nam a2200241 a 4500 | ||
|---|---|---|---|
| 001 | 2658 | ||
| 003 | CDMR | ||
| 005 | 20131212135400.0 | ||
| 008 | 130130s1985||||||||||||||||||||||||||||d | ||
| 020 | _a8431308761 | ||
| 040 |
_aCDMR _bcat _cCDMR |
||
| 100 | 1 |
_aClutterbuck, Richard _91991 |
|
| 245 | 1 | 4 |
_aLos medios de comunicación y la violencia política _cRichard Clutterbuck ; edición española a cargo de Carlos Soria |
| 260 |
_aPamplona _c1985 _bEdiciones Universidad de Navarra |
||
| 300 |
_a269 p ; _c21 cm |
||
| 490 | 0 |
_aCiencias de la información (EUNSA) _v47 |
|
| 500 | _aa la contracoberta: Fundación Academia Nacional de Ciencias y Artes del Cine y la Televisión | ||
| 650 | 0 | 4 |
_aConflictes socials en els mitjans de comunicació de massa _93820 |
| 650 | 0 | 4 |
_aTerrorisme i mitjans de comunicació de massa _91994 |
| 650 | 0 | 4 |
_92305 _aComunicació _xAspectes polítics |
| 700 | 1 |
_aSoria, Carlos _eed. lit. _9520 |
|
| 942 |
_cMON _2udc |
||
| 999 |
_c2658 _d2658 |
||